Normal view
MARC view
- HELFERICK, DMAR K ,CLOSS, DAVID J ,BOWERSOX, DONALD J
Entry Personal Name
001 - CONTROL NUMBER
- control field: 62242
003 - CONTROL NUMBER IDENTIFIER
- control field: NUST
005 - DATE AND TIME OF LATEST TRANSACTION
- control field: 20210628202914.0
008 - FIXED-LENGTH DATA ELEMENTS
- fixed length control field: 210628|| aca||aabn | a|a d
040 ## - CATALOGING SOURCE
- Original cataloging agency: NUST
- Transcribing agency: NUST
100 ## - HEADING--PERSONAL NAME
- Personal name: HELFERICK, DMAR K ,CLOSS, DAVID J ,BOWERSOX, DONALD J
670 ## - SOURCE DATA FOUND
- Source citation: Work cat.: (NUST): HELFERICK, DMAR K ,CLOSS, DAVID J ,BOWERSOX, DONALD J, LOGISTICAL MANAGEMENT ,A SYSTEM INTEGRATION OF PHYSICAL DISTRIBUTION MANUFACTURING SUPPORT AND MATERIALS PROCUREMENT, 1986
